| 000 | 00473nam a2200181Ia 4500 | ||
|---|---|---|---|
| 008 | 131103s9999 xx 000 0 und d | ||
| 020 | _cRs.3.50 | ||
| 040 | _aLoreto College | ||
| 041 | _aEnglish | ||
| 082 |
_a822/GAL _bLCBkB/E105 |
||
| 100 | _aGalsworthy, John | ||
| 245 |
_aStrife _b a drama in three acts _cJohn Galsworthy |
||
| 260 |
_aLondon _bDuckworth _c1973 |
||
| 300 |
_a124 p. _c 17 cm. |
||
| 650 | _aEnglish Drama | ||
| 850 | _aLCBkB/822/GAL | ||
| 942 | _cBK | ||
| 999 |
_c35333 _d85812 |
||